The pattern scars / Caitlin Sweet ; illustrated by ... Read More
Available copies
- 1 of 1 copy available at LARL/NWRL Consortium.
- 1 of 1 copy available at Lake Agassiz Regional Library. (Show preferred library)
Current holds
0 current holds with 1 total copy.
Show Only Available Copies
| Location | Call Number / Copy Notes | Barcode | Shelving Location | Status | Due Date |
|---|---|---|---|---|---|
| Crookston Public Library | SF SWE (Text) | 33500010812550 | Main | Available | - |
Record details
- ISBN: 9781926851433
- ISBN: 1926851439
- Physical Description: 377 p. : ill. ; 23 cm.
- Edition: 1st ed.
- Publisher: Toronto : ChiZine Publications, c2011.
Content descriptions
| General Note: | "Edited and copyedited by Sandra Kasturi"--T.p. verso. |
Search for related items by subject
| Subject: | Prophets > Fiction. Good and evil > Fiction. |
| Genre: | Fantasy fiction. |
| LDR | 01397cam a2200397 a 4500 | ||
|---|---|---|---|
| 001 | 142522 | ||
| 003 | LARL_NWRL_CONSORTIUM | ||
| 005 | 20120611084503.0 | ||
| 008 | 110711s2011 onca 000 f eng | ||
| 010 | . | ‡a2011379931 | |
| 016 | . | ‡a20119050315 | |
| 016 | 7 | . | ‡a015805106 ‡2Uk |
| 020 | . | ‡a9781926851433 | |
| 020 | . | ‡a1926851439 | |
| 035 | . | ‡a(OCoLC)721824905 | |
| 040 | . | ‡aNLC ‡beng ‡cNLC ‡dBTCTA ‡dUKMGB ‡dBKX ‡dCDX ‡dDLC ‡dBDX ‡dOCLCQ | |
| 050 | 4. | ‡aPR9199.3.S955 ‡bP38 2011 | |
| 055 | 0 | 0. | ‡aPS8587 W387 ‡bP38 2011 |
| 082 | 0 | 4. | ‡aC813/.6 ‡223 |
| 082 | 0 | 4. | ‡a813/.6 ‡223 |
| 100 | 1 | . | ‡aSweet, Caitlin, ‡d1970- |
| 245 | 1 | 4. | ‡aThe pattern scars / ‡cCaitlin Sweet ; illustrated by Martin Springett. |
| 250 | . | ‡a1st ed. | |
| 260 | . | ‡aToronto : ‡bChiZine Publications, ‡cc2011. | |
| 300 | . | ‡a377 p. : ‡bill. ; ‡c23 cm. | |
| 500 | . | ‡a"Edited and copyedited by Sandra Kasturi"--T.p. verso. | |
| 650 | 0. | ‡aProphets ‡vFiction. ‡0(LARL_NWRL_CONSORTIUM)174455 | |
| 650 | 0. | ‡aGood and evil ‡vFiction. ‡0(LARL_NWRL_CONSORTIUM)165509 | |
| 655 | 7. | ‡aFantasy fiction. ‡2gsafd | |
| 700 | 1 | . | ‡aKasturi, Sandra, ‡d1966- |
| 948 | . | ‡hNO HOLDINGS IN LAL - 14 OTHER HOLDINGS | |
| 994 | . | ‡aZ0 ‡bLAL | |
| 901 | . | ‡a142522 ‡bOCLC ‡c142522 ‡tbiblio | |

Add to basket
Permalink
Disable Highlighting